LEADER 03045nam 2200793 450 001 9910810050303321 005 20230118154903.0 010 $a1-64469-709-2 010 $a1-64469-708-4 024 7 $a10.1515/9781644697085 035 $a(MiAaPQ)EBC6817928 035 $a(Au-PeEL)EBL6817928 035 $a(CKB)19934885900041 035 $a(OCoLC)1263250430 035 $a(DE-B1597)596878 035 $a(DE-B1597)9781644697085 035 $a(EXLCZ)9919934885900041 100 $a20230118d2021 uy 0 101 0 $aeng 135 $aurcnu|||||||| 181 $ctxt$2rdacontent 182 $cc$2rdamedia 183 $acr$2rdacarrier 200 14$aThe hand at work $ethe poetics of poiesis in the Russian avant-garde /$fSusanne Stra?tling, translated by Alexandra Berlina 210 1$aBoston :$cAcademic Studies Press,$d[2021] 210 4$d©2021 215 $a1 online resource (347 pages) 311 08$aPrint version: Strätling, Susanne The Hand at Work Boston, MA : Academic Studies Press,c2021 9781644697078 320 $aIncludes bibliographical references and index. 327 $tFrontmatter -- $tContents -- $tIntroduction -- $tI. Speaking. From Hand to Mouth -- $tII. Writing. Letters at Play -- $tIII. Pointing. Theater between Performance and Perception -- $tIV. Working. The Word as a Tool -- $tV. Acting. Poetics of Operativity -- $tVI. Giving. Poetics of Life -- $tVII. Touching. Tactile Text Experiments -- $tVIII. Toward a Philology of the Hand -- $tBibliography -- $tCaptions -- $tIndex 330 $aFocusing on the gestures of giving, touching, showing and handcrafting, this study examines key scenes of tactile interaction between subject and artifact. The readings of this book call for a revision of an optically obscured aesthetics and poetics to include haptic experience as an often overlooked but pivotal part of the making as well as the perception of literature and the arts. 606 $aGesture in literature 606 $aHand in literature 606 $aExperimental poetry, Russian 610 $aChekhov. 610 $aFreud. 610 $aHeidegger. 610 $aKharms. 610 $aMandelstam. 610 $aNabokov. 610 $aRussian Avant-garde. 610 $aTolstoy. 610 $aVertov. 610 $aart. 610 $acultural history. 610 $ahands. 610 $ahaptics. 610 $aiconography. 610 $aliterary theory. 610 $ametaphor. 610 $apoetics. 610 $apropaganda. 610 $arhetorics. 610 $asymbolism. 610 $atouch. 610 $avisual media. 615 0$aGesture in literature. 615 0$aHand in literature. 615 0$aExperimental poetry, Russian. 676 $a809.93353 700 $aStra?tling$b Susanne$01269691 702 $aBerlina$b Alexandra 801 0$bMiAaPQ 801 1$bMiAaPQ 801 2$bMiAaPQ 906 $aBOOK 912 $a9910810050303321 996 $aThe hand at work$93967350 997 $aUNINA LEADER 02264nam1 22004573i 450 001 CAGE005893 005 20251003044104.0 100 $a20130827d1776 ||||0itac50 ba 101 | $alat$clat 102 $ait 181 1$6z01$ai $bxxxe 182 1$6z01$an 183 1$6z01$anc$2RDAcarrier 200 1 $aInstitutiones philosophicæ ad studia theologica potissimum accomodatæ, auctore Francisco Jacquier ... Tomus primus [-sextus] 205 $aEditio novissima a mendis, quæ ubique gravissima irrepserant, expurgata, & pristino nitori restituta 210 $aVenetiis$cJo. Antonii Pezzana$d1776 215 $a6 volumi$d12º 300 $aMarca (giglio fiorentino entro cornice xilografica) sui frontespizi 463 1$1001CAGE005901$12001 $aˆ3: ‰Tomus tertius, quo elementa arithmeticæ, algebræ, & geometriæ continentur$v3 463 1$1001CAGE005903$12001 $aˆ4: ‰Tomus quartus, quo physicæ pars prima, sive physicæ generalis continetur$v4 463 1$1001CAGE005905$12001 $aˆ5: ‰Tomus quintus, quo physicæ pars secunda, sive physica particularis continetur$v5 463 1$1001TO0E094680$12001 $aˆ1: ‰Tomus primus, logicam complectens$v1 463 1$1001TO0E094681$12001 $aˆ2: ‰ Tomus secundus, metaphysicam complectens$v2 463 1$1001TO0E094682$12001 $aˆ6: ‰Tomus sextus, ethicam complectens$v6 500 10$aInstitutiones philosophicae$3RAV2204675$9UFIV124197$94401765 620 $aIT$dVenezia$3SBLL003553 700 1$aJacquier$b, François$f <1711-1788>$3UFIV124197$4070$0333644 712 02$aPezzana, Giovanni Antonio$3MILV173720$4650 790 1$aJacquier$b, Francesco$3VEAV547312$zJacquier, François <1711-1788> 791 02$aPezzana, Johannes Antonius$3CFIV283123$zPezzana, Giovanni Antonio 791 02$aPezzana, Giannantonio$3PUVV245760$zPezzana, Giovanni Antonio 801 3$aIT$bIT-000000$c20130827 850 $aIT-BN0095 $aIT-AV0003 901 $bNAP AR$cF. ANTICO $n$ 901 $bNAP 01$cDEMARCO $n$ 912 $aCAGE005893 950 1$aBiblioteca Centralizzata di Ateneo$bv. 1-6$c1 esemplare, v. 1-6$d 01DEMARCO FONDO RARI A 111 967 $m6 977 $a 01$a AR 996 $aInstitutiones philosophicae$94401765 997 $aUNISANNIO